|
|
|
|
| LEADER |
02047nam a2200397 i 4500 |
| 001 |
EBC4394463 |
| 003 |
MiAaPQ |
| 005 |
20200520144314.0 |
| 006 |
m o d | |
| 007 |
cr cnu|||||||| |
| 008 |
160627t20152015ph a o 000 0 eng d |
| 020 |
|
|
|z 9789292549312
|
| 020 |
|
|
|a 9789292549329 (e-book)
|
| 035 |
|
|
|a (MiAaPQ)EBC4394463
|
| 035 |
|
|
|a (Au-PeEL)EBL4394463
|
| 035 |
|
|
|a (CaPaEBR)ebr11175691
|
| 035 |
|
|
|a (CaONFJC)MIL873939
|
| 035 |
|
|
|a (OCoLC)945609681
|
| 040 |
|
|
|a MiAaPQ
|b eng
|e rda
|e pn
|c MiAaPQ
|d MiAaPQ
|
| 050 |
|
4 |
|a HG4631
|b .A853 2015
|
| 082 |
0 |
|
|a 346.44092
|2 23
|
| 110 |
2 |
|
|a Asian Development Bank,
|e author,
|e publisher.
|
| 245 |
1 |
0 |
|a Progress report on establishing a regional settlement intermediary and next steps :
|b implementing central securities depository-real-time gross settlement linkages in ASEAN+3 : cross-border settlement infrastructure forum : May 2015 /
|c Asian Development Bank.
|
| 264 |
|
1 |
|a Mandaluyong City, Philippines :
|b Asian Development Bank,
|c 2015.
|
| 264 |
|
4 |
|c 2015
|
| 300 |
|
|
|a 1 online resource (31 pages) :
|b illustrations
|
| 336 |
|
|
|a text
|2 rdacontent
|
| 337 |
|
|
|a computer
|2 rdamedia
|
| 338 |
|
|
|a online resource
|2 rdacarrier
|
| 588 |
|
|
|a Description based on online resource; title from PDF title page (ebrary, viewed June 23, 2016).
|
| 590 |
|
|
|a Electronic reproduction. Ann Arbor, MI : ProQuest, 2016. Available via World Wide Web. Access may be limited to ProQuest affiliated libraries.
|
| 650 |
|
0 |
|a Clearing of securities.
|
| 655 |
|
4 |
|a Electronic books.
|
| 776 |
0 |
8 |
|i Print version:
|a Asian Development Bank.
|t Progress report on establishing a regional settlement intermediary and next steps : implementing central securities depository-real-time gross settlement linkages in ASEAN+3 : cross-border settlement infrastructure forum : May 2015.
|d Mandaluyong City, Philippines : Asian Development Bank, c2015
|h 20 pages
|z 9789292549312
|
| 797 |
2 |
|
|a ProQuest (Firm)
|
| 856 |
4 |
0 |
|u https://ebookcentral.proquest.com/lib/matrademy/detail.action?docID=4394463
|z Click to View
|